Astronomical data analysis software and systems (Record no. 15540)

MARC details
000 -LEADER
fixed length control field 01031nam a2200253Ia 4500
003 - CONTROL NUMBER IDENTIFIER
control field IN-BaIIA
008 - FIXED-LENGTH DATA ELEMENTS--GENERAL INFORMATION
fixed length control field 211028s9999 xx 000 0 eng d
020 ## - INTERNATIONAL STANDARD BOOK NUMBER
International Standard Book Number 1-886733-94-5
040 ## - CATALOGING SOURCE
Transcribing agency IIA Library
080 ## - UNIVERSAL DECIMAL CLASSIFICATION NUMBER
Universal Decimal Classification number 082.2:52
Item number ASP-172
111 ## - MAIN ENTRY--MEETING NAME
Meeting name or jurisdiction name as entry element Meeting Astronomical Data Analysis Software and Systems
Location of meeting USA
Date of meeting or treaty signing 1998 Nov. 1-4
9 (RLIN) 28668
245 #0 - TITLE STATEMENT
Title Astronomical data analysis software and systems
Remainder of title viii, proceedings of a meeting held in Iurbana, llinois, USA, 1-4 Nov 1998
Statement of responsibility, etc. edited by D. M. Mehringer, R. L. Plante and D. A. Roberts
260 ## - PUBLICATION, DISTRIBUTION, ETC.
Place of publication, distribution, etc. California
Name of publisher, distributor, etc. Astronomical Society of the Pacific
Date of publication, distribution, etc. 1999
300 ## - PHYSICAL DESCRIPTION
Extent xxxix, 519p.
490 ## - SERIES STATEMENT
Series statement ASP conference series; v. 172
650 ## - SUBJECT ADDED ENTRY--TOPICAL TERM
Topical term or geographic name entry element Astronomical data analysis
9 (RLIN) 18704
650 ## - SUBJECT ADDED ENTRY--TOPICAL TERM
Topical term or geographic name entry element Astronomy
9 (RLIN) 80
650 ## - SUBJECT ADDED ENTRY--TOPICAL TERM
Topical term or geographic name entry element Software
9 (RLIN) 15972
700 ## - ADDED ENTRY--PERSONAL NAME
Personal name Mehringer, D. M., ed.
9 (RLIN) 28669
700 ## - ADDED ENTRY--PERSONAL NAME
Personal name Plante, R. L., ed.
9 (RLIN) 23898
700 ## - ADDED ENTRY--PERSONAL NAME
Personal name Roberts, D. A., ed.
9 (RLIN) 23899
710 ## - ADDED ENTRY--CORPORATE NAME
Corporate name or jurisdiction name as entry element Astronomical Society of the Pacific 
9 (RLIN) 22919
942 ## - ADDED ENTRY ELEMENTS (KOHA)
Koha item type Books
Holdings
Withdrawn status Lost status Damaged status Not for loan Home library Current library Shelving location Date acquired Total Checkouts Full call number Barcode Date last seen Price effective from Koha item type
        IIA Library-Bangalore IIA Library-Bangalore General Stacks 02/12/2003   082.2:52/ ASP-172 16462 05/11/2021 02/12/2003 Books

Powered by Koha